Sport am Nil : Texte aus drei Jahrtausenden ägyptischer Geschichte /

محفوظ في:

المؤلف الرئيسي: Decker, Wolfgang (مؤلف)

التنسيق: كتاب

اللغة: German
Ancient Egyptian
Latin
Ancient Greek

منشور في: Hildesheim : Arete Verlag, 2012.

الموضوعات:

الوسوم: إضافة وسم

لا توجد وسوم, كن أول من يضع وسما على هذه التسجيلة!

رقم الطلب: GV573 .D435 2012

LEADER 01167namaa2200313 4500
001 24839
003 OSt
005 20250807094854.0
008 130303s2012 gw ab g b 001 0 ger d
020 |a 3942468034 
020 |a 9783942468039 
040 |c ARCE Library 
041 1 |a ger  |h egy  |h lat  |h grc 
043 |a f-ua---  
050 4 |a GV573 .D435 2012 
100 1 |a Decker, Wolfgang,   |e author 
245 1 0 |a Sport am Nil :   |b Texte aus drei Jahrtausenden ägyptischer Geschichte /   |c ausgewählt, übersetzt und kommentiert von Wolfgang Decker.  
264 1 |a Hildesheim :   |b Arete Verlag,   |c 2012. 
300 |a 221 pages :   |b illustrations, maps ;   |c 24 cm. 
504 |a Includes bibliographical references (pages 200-210) and index. 
546 |a Texts translated from Egyptian, Greek and Latin with commentary in German. 
650 0 |a Games  |z Egypt  |x History  |v Sources. 
650 0 |a Inscriptions, Egyptian  |v Translations into German. 
650 0 |a Inscriptions, Greek  |v Translations into German. 
650 0 |a Inscriptions, Latin  |v Translations into German. 
650 0 |a Sports  |z Egypt  |x History  |v Sources. 
901 |a reviewed 
942 |c BK  |2 lcc 
999 |c 23194  |d 23194